Municipios de Cuenca - Estadísticas

Estadísticas generales
  • Esta prueba ha sido intentada 81 veces
  • La puntuación promedio es 47 de 238
Estadísticas de respuestas
Municipio % Correcto
Cuenca
88%
Motilla del Palancar
76%
Tarancón
76%
Iniesta
70%
Mota del Cuervo
70%
San Clemente
67%
Las Pedroñeras
61%
Belmonte
58%
Quintanar del Rey
58%
Alarcón
52%
Arcas
52%
Cañete
52%
Villanueva de la Jara
52%
Beteta
48%
El Provencio
48%
Honrubia
48%
Huete
48%
Minglanilla
48%
Uña
48%
Campillo de Altobuey
45%
Landete
45%
Casas de Fernando Alonso
42%
Mira
42%
Casasimarro
39%
Sisante
39%
Almodóvar del Pinar
36%
Casas de Haro
36%
El Pedernoso
36%
El Peral
36%
Graja de Iniesta
36%
Ledaña
36%
San Lorenzo de la Parrilla
36%
Uclés
36%
Belinchón
33%
La Almarcha
33%
Talayuelas
33%
Cañamares
30%
Casas de Benítez
30%
Las Mesas
30%
Saelices
30%
Salvacañete
30%
Tragacete
30%
Valverde de Júcar
30%
Villalpardo
30%
Buenache de Alarcón
27%
Cañaveras
27%
Cañizares
27%
Carboneras de Guadazaón
27%
Carrascosa
27%
Chillarón de Cuenca
27%
El Picazo
27%
Enguídanos
27%
Fuentes
27%
Poyatos
27%
Priego
27%
Villalba de la Sierra
27%
Villamayor de Santiago
27%
Boniches
24%
Cañaveruelas
24%
El Cañavate
24%
Horcajo de Santiago
24%
Las Majadas
24%
Tébar
24%
Villar del Humo
24%
Villar de Olalla
24%
Víllora
24%
Atalaya del Cañavate
21%
Belmontejo
21%
Cañada del Hoyo
21%
Cardenete
21%
Casas de Garcimolina
21%
La Alberca de Záncara
21%
Moya
21%
Olmedilla de Alarcón
21%
Reíllo
21%
Santa Cruz de Moya
21%
Villagarcía del Llano
21%
Villares del Saz
21%
Villarta
21%
Zafra de Záncara
21%
Zafrilla
21%
Algarra
18%
Aliaguilla
18%
Barajas de Melo
18%
Buenache de la Sierra
18%
Campillos-Paravientos
18%
Campillos-Sierra
18%
Cañada Juncosa
18%
Casas de Guijarro
18%
El Hito
18%
Fuertescusa
18%
Garaballa
18%
Hontecillas
18%
Huerta del Marquesado
18%
Laguna del Marquesado
18%
La Peraleja
18%
Los Hinojosos
18%
Mariana
18%
Olivares del Júcar
18%
Palomares del Campo
18%
Pozoamargo
18%
Salinas del Manzano
18%
Santa María del Campo Rus
18%
Santa María de los Llanos
18%
Tinajas
18%
Tribaldos
18%
Valdemoro-Sierra
18%
Valverdejo
18%
Vega del Codorno
18%
Villalba del Rey
18%
Villar de Domingo García
18%
Zarza de Tajo
18%
Albalate de las Nogueras
15%
Alcalá de la Vega
15%
Almonacid del Marquesado
15%
Beamud
15%
Castillejo de Iniesta
15%
Cervera del Llano
15%
Chumillas
15%
Fuente de Pedro Naharro
15%
Fuentelespino de Moya
15%
Gabaldón
15%
Gascueña
15%
Huélamo
15%
Huérguina
15%
Las Valeras
15%
Montalbo
15%
Olmeda del Rey
15%
Osa de la Vega
15%
Palomera
15%
Paredes
15%
Portalrubio de Guadamejud
15%
Puebla de Almenara
15%
San Martín de Boniches
15%
Tejadillos
15%
Torralba
15%
Torrejoncillo del Rey
15%
Villar de Cañas
15%
Villaverde y Pasaconsol
15%
Abia de la Obispalía
12%
Albaladejo del Cuende
12%
Almendros
12%
Altarejos
12%
Arguisuelas
12%
Buendía
12%
Campos del Paraíso
12%
Castillo de Garcimuñoz
12%
Fuentelespino de Haro
12%
Graja de Campalbo
12%
Henarejos
12%
Hontanaya
12%
Huerta de la Obispalía
12%
La Cierva
12%
La Frontera
12%
La Hinojosa
12%
La Pesquera
12%
Montalbanejo
12%
Monteagudo de las Salinas
12%
Narboneta
12%
Pajarón
12%
Pajaroncillo
12%
Paracuellos
12%
Rada de Haro
12%
Solera de Gabaldón
12%
Tresjuncos
12%
Valdemorillo de la Sierra
12%
Valhermoso de la Fuente
12%
Villaconejos de Trabaque
12%
Villaescusa de Haro
12%
Villanueva de Guadamejud
12%
Villarrubio
12%
Yémeda
12%
Albendea
9%
Alcantud
9%
Alcázar del Rey
9%
Alcohujate
9%
Alconchel de la Estrella
9%
Arcos de la Sierra
9%
Barchín del Hoyo
9%
Carrascosa de Haro
9%
Casas de los Pinos
9%
El Herrumblar
9%
El Pozuelo
9%
Fresneda de la Sierra
9%
Huelves
9%
Lagunaseca
9%
La Parra de las Vegas
9%
Leganiel
9%
Los Valdecolmenas
9%
Masegosa
9%
Monreal del Llano
9%
Mota de Altarejos
9%
Olmeda de la Cuesta
9%
Pinarejo
9%
Piqueras del Castillo
9%
Puebla del Salvador
9%
Santa María del Val
9%
Valdemeca
9%
Vara de Rey
9%
Villar de la Encina
9%
Villarejo de Fuentes
9%
Villarejo de la Peñuela
9%
Villarejo-Periesteban
9%
Villar y Velasco
9%
Vindel
9%
Zarzuela
9%
Arrancacepas
6%
Canalejas del Arroyo
6%
Castejón
6%
Castillejo-Sierra
6%
Castillo-Albaráñez
6%
Cueva del Hierro
6%
El Valle de Altomira
6%
Fresneda de Altarejos
6%
Fuentenava de Jábaga
6%
Olmedilla de Eliz
6%
Portilla
6%
Pozorrubielos de la Mancha
6%
Pozorrubio de Santiago
6%
Rozalén del Monte
6%
Torrubia del Campo
6%
Valdeolivas
6%
Valdetórtola
6%
Valsalobre
6%
Vellisca
6%
Villalgordo del Marquesado
6%
Villas de la Ventosa
6%
Arandilla del Arroyo
3%
Bascuñana de San Pedro
3%
Buciegas
3%
El Acebrón
3%
Pineda de Cigüela
3%
Saceda-Trasierra
3%
Salmeroncillos
3%
San Pedro Palmiches
3%
Sotorribas
3%
Torrubia del Castillo
3%
Villar del Infantado
3%
No se encontraron pruebas coincidentes
Distribución de puntuación
Porcentaje de gente con cada puntuación
Porcentaje por número respondido
Historial de tus puntuaciones
No has intentado esta prueba.